[Event "Xtracon Chess Open 2017"]
[Site "Helsingor DEN"]
[Date "2017.07.23"]
[Round "2.177"]
[White "Bredeli, Havard Iversen"]
[Black "Hansen, Tommy"]
[Result "0-1"]
[WhiteElo "1443"]
[BlackElo "1785"]
[WhiteFideId "1514440"]
[BlackFideId "1511009"]
[EventDate "2017.07.22"]

1. d4 Nf6 2. Nf3 c5 3. e3 g6 4. c4 Bg7 5. Nc3 cxd4 6. exd4 d5 7. Be2 O-O 8. O-O
dxc4 9. Bxc4 Bg4 10. Be3 Nc6 11. h3 Bf5 12. d5 Na5 13. Bb3 Nxb3 14. Qxb3 b6 15.
Rfd1 Rc8 16. Ne5 Qc7 17. Nc6 Qb7 18. Qa3 Rc7 19. Nb5 Rd7 20. Qxa7 Qxa7 21. Nbxa7
Nxd5 22. Rd2 Nxe3 23. Rxd7 Bxd7 24. Nxe7+ Kh8 25. fxe3 Re8 26. Nd5 Ra8 27. Nxb6
Rxa7 28. Nc4 Be6 29. Rc1 Bxc4 30. Rxc4 Bxb2 31. Rc2 Bf6 32. Kf2 Kg7 33. Kf3 Ra3
34. Re2 h5 35. Kf4 Bd8 36. Ke4 Ra5 37. Rf2 Bc7 38. Kf3 Kf6 39. Ke4+ Ke6 40. Kd3
f5 41. Re2 Ke5 42. Kc4 Ke4 43. Kb4 Kd3 44. Rb2 Kxe3 45. Rc2 Ra7 46. a3 Bd6+ 0-1

[Event "Xtracon Chess Open 2017"]
[Site "Helsingor DEN"]
[Date "2017.07.23"]
[Round "2.178"]
[White "Frederiksen Kristian, Pade"]
[Black "Jensen, Hans Askov"]
[Result "1-0"]
[WhiteElo "1783"]
[BlackElo "1481"]
[WhiteFideId "1435205"]
[BlackFideId "1419889"]
[EventDate "2017.07.22"]

1. d4 Nf6 2. c4 d5 3. cxd5 Nxd5 4. Nf3 g6 5. e4 Nf6 6. Nc3 e6 7. Bg5 Be7 8. Qd2
O-O 9. e5 Nd5 10. Bc4 Bxg5 11. Nxg5 Nc6 12. Bb3 Nxd4 13. Nge4 Nxb3 14. axb3 f6
15. Nxd5 exd5 16. Nxf6+ Kg7 17. Ra4 Be6 18. Rh4 Rxf6 19. Qh6+ 1-0

[Event "Xtracon Chess Open 2017"]
[Site "Helsingor DEN"]
[Date "2017.07.23"]
[Round "2.179"]
[White "Tjora, Alexander"]
[Black "Erikstad, Olav"]
[Result "1/2-1/2"]
[WhiteElo "1434"]
[BlackElo "1781"]
[WhiteFideId "1528203"]
[BlackFideId "1504983"]
[EventDate "2017.07.22"]

1. d4 c6 2. c4 d5 3. cxd5 cxd5 4. Nc3 Nf6 5. Bf4 Nc6 6. Nf3 e6 7. Rc1 Bd6 8. Bg5
Bd7 9. e3 Qa5 10. Qb3 Ne4 11. Bh4 Rc8 12. Bd3 Nxc3 13. bxc3 Nb4 14. Bb1 Qa6 15.
Bg3 Bxg3 16. hxg3 Nd3+ 17. Bxd3 Qxd3 18. Ne5 Qa6 19. Rb1 Rc7 20. f3 Qa4 21. Nxd7
Qxd7 22. Kd2 b6 23. Qb4 Qe7 24. Qxe7+ Kxe7 25. Rb3 Kd6 26. Kd3 h6 27. Rc1 Rhc8
28. Rb4 Rc4 29. a3 R8c6 30. e4 dxe4+ 31. fxe4 Rxb4 32. axb4 h5 33. c4 f5 34. c5+
Kd7 35. b5 Rc7 36. exf5 exf5 37. Kc4 bxc5 38. dxc5 Kc8 39. Re1 Kd7 40. Kd5 Kd8
41. Re6 Rb7 42. Ra6 Kc7 43. Rg6 Rxb5 44. Rxg7+ Kb8 45. Kc6 a6 46. Rg5 Rb3 47.
Rxf5 Rxg3 48. Rxh5 Rxg2 49. Kb6 Rb2+ 50. Kxa6 Kc7 51. Rh6 Rc2 52. Kb5 Rb2+ 53.
Kc4 Rc2+ 54. Kd4 Rd2+ 55. Kc3 Rd5 56. Kb4 Rd1 1/2-1/2

[Event "Xtracon Chess Open 2017"]
[Site "Helsingor DEN"]
[Date "2017.07.23"]
[Round "2.180"]
[White "Nordin, Eric"]
[Black "Hein, Jacob"]
[Result "1-0"]
[WhiteElo "1781"]
[BlackElo "1479"]
[WhiteFideId "1711822"]
[BlackFideId "1402870"]
[EventDate "2017.07.22"]

1. e4 e6 2. d4 d5 3. Nd2 dxe4 4. Nxe4 Nd7 5. Nf3 h6 6. Bd3 f5 7. Ng3 Ngf6 8. Bd2
a6 9. c4 c5 10. Qe2 Qb6 11. Bxf5 cxd4 12. Qxe6+ Qxe6+ 13. Bxe6 Nc5 14. Bxc8 Rxc8
15. O-O Be7 16. Nf5 Kf7 17. Ne5+ Ke6 18. Nxe7 Rhe8 19. Nxc8 Rxc8 20. Rfe1 Nce4
21. Bf4 Kf5 22. Bg3 Nh5 23. Nf7 Nhxg3 24. fxg3 Rf8 25. Nd6+ Nxd6 26. Rf1+ Kg6
27. Rxf8 Nxc4 28. Rd1 Nxb2 29. Rxd4 b5 30. Rf2 Nc4 31. Rxc4 bxc4 32. Rc2 1-0

[Event "Xtracon Chess Open 2017"]
[Site "Helsingor DEN"]
[Date "2017.07.23"]
[Round "2.181"]
[White "Jacobsen, Jerlow Lytomt"]
[Black "Wiberg, Jonas"]
[Result "0-1"]
[WhiteElo "1415"]
[BlackElo "1773"]
[WhiteFideId "1521390"]
[BlackFideId "1720090"]
[EventDate "2017.07.22"]

1. e4 c6 2. d4 d5 3. Nc3 dxe4 4. Nxe4 Bf5 5. Ng3 Bg6 6. Nf3 Nd7 7. Bc4 e6 8. Bf4
Qa5+ 9. c3 Ngf6 10. Ne5 Nxe5 11. Bxe5 Be7 12. O-O O-O 13. f4 Nd5 14. Bxd5 Qxd5
15. f5 exf5 16. Nxf5 Bxf5 17. Rxf5 f6 18. Qe2 g6 19. Bxf6 Qxf5 20. Rf1 Qxf1+ 21.
Qxf1 Bxf6 22. Qc4+ Rf7 23. g3 Rd8 24. Qe6 Kg7 25. Qg4 Rd5 26. Qe4 h5 27. h4 Re7
28. Qf4 Rf5 29. Qd2 Rf3 30. Kg2 Ree3 31. Qd1 Rxg3+ 32. Kf2 Bxh4 33. d5 Rd3 34.
Qe2 Rge3+ 0-1

[Event "Xtracon Chess Open 2017"]
[Site "Helsingor DEN"]
[Date "2017.07.23"]
[Round "2.182"]
[White "Ski, Jonathan K."]
[Black "Christoffersen, Micki Aron"]
[Result "1-0"]
[WhiteElo "1771"]
[BlackElo "1444"]
[WhiteFideId "1521667"]
[BlackFideId "1454021"]
[EventDate "2017.07.22"]

1. c4 d6 2. Nc3 Nf6 3. g3 e5 4. Bg2 Nbd7 5. e3 c6 6. Nge2 Nb6 7. b3 Be6 8. d4
exd4 9. exd4 Be7 10. O-O O-O 11. Nf4 Bf5 12. Re1 Re8 13. Bb2 d5 14. cxd5 cxd5
15. Qd2 Bb4 16. Rxe8+ Qxe8 17. a3 Bxc3 18. Bxc3 Qd7 19. Bb4 Ne4 20. Qe3 Re8 21.
Re1 Nd6 22. Qd2 Ne4 23. Qe3 Nd6 24. Qd2 Ne4 25. Qb2 Ng5 26. Rxe8+ Qxe8 27. Nxd5
Nxd5 28. Bxd5 Nh3+ 29. Kg2 Be4+ 30. Bxe4 Qxe4+ 31. f3 Qe6 32. d5 Qxd5 33. Kxh3
Qxf3 34. Qd2 h6 35. Qf4 Qh5+ 36. Kg2 Qe2+ 37. Qf2 Qe4+ 38. Kg1 Qb1+ 39. Be1 Qxb3
40. Qxa7 Qb1 41. Qe3 g6 42. Kg2 Qc2+ 43. Bf2 Qc6+ 44. Qf3 Qxf3+ 45. Kxf3 Kf8 46.
Ke4 Ke7 47. g4 Ke6 48. Be3 g5 49. Bd4 f6 50. Bc5 Kf7 51. Kf5 Kg7 52. Bd4 1-0

[Event "Xtracon Chess Open 2017"]
[Site "Helsingor DEN"]
[Date "2017.07.23"]
[Round "2.183"]
[White "Aasen, Joakim"]
[Black "Rasmussen, Henning2"]
[Result "1/2-1/2"]
[WhiteElo "1386"]
[BlackElo "1770"]
[WhiteFideId "1539078"]
[BlackFideId "1410962"]
[EventDate "2017.07.22"]

1. c4 e5 2. g3 Nf6 3. Nc3 d5 4. e3 Be7 5. b3 O-O 6. Bg2 c6 7. cxd5 cxd5 8. Nge2
Nc6 9. O-O Bf5 10. Bb2 Rc8 11. Rc1 Bd3 12. Re1 a6 13. a3 b5 14. Bf1 Qd7 15. Kh1
Rc7 16. Ng1 Bxf1 17. Rxf1 Rfc8 18. Nge2 Ne8 19. d3 Bf6 20. Qd2 Ne7 21. Na2 Rxc1
22. Rxc1 Rxc1+ 23. Naxc1 Qc6 24. Kg1 Qb6 25. d4 1/2-1/2

[Event "Xtracon Chess Open 2017"]
[Site "Helsingor DEN"]
[Date "2017.07.23"]
[Round "2.184"]
[White "Norevall, Ulf"]
[Black "Leonhardsen, Vebjorn Maanum"]
[Result "1-0"]
[WhiteElo "1769"]
[BlackElo "1443"]
[WhiteFideId "1705555"]
[BlackFideId "1539515"]
[EventDate "2017.07.22"]

1. d4 d5 2. c4 e6 3. Nc3 Nf6 4. Bg5 Be7 5. Nf3 Nbd7 6. e3 O-O 7. Rc1 c6 8. Bd3
h6 9. Bf4 dxc4 10. Bxc4 Nd5 11. Bg3 Qb6 12. Qd2 N7f6 13. O-O Bb4 14. Qc2 Qd8 15.
h3 Be7 16. Ne5 Nb4 17. Qe2 Nbd5 18. Bb3 a6 19. Bc2 Nb4 20. Bb1 Nbd5 21. a3 Nxc3
22. Rxc3 g6 23. Qd3 Qe8 24. e4 Bd7 25. f4 c5 26. Nxd7 Nxd7 27. f5 cxd4 28. Qxd4
Rc8 29. b4 Rxc3 30. Qxc3 exf5 31. exf5 g5 32. f6 Bxf6 33. Qd3 Bd4+ 34. Qxd4 f6
35. Bd6 Rf7 36. Ba2 1-0

[Event "Xtracon Chess Open 2017"]
[Site "Helsingor DEN"]
[Date "2017.07.23"]
[Round "2.185"]
[White "Hestholm, Gustav"]
[Black "Overmark, Ole"]
[Result "1/2-1/2"]
[WhiteElo "1379"]
[BlackElo "1767"]
[WhiteFideId "1529153"]
[BlackFideId "1410776"]
[EventDate "2017.07.22"]

1. e4 c5 2. c3 Nc6 3. d4 cxd4 4. cxd4 d5 5. exd5 Qxd5 6. Nf3 Nf6 7. Nc3 Qd8 8.
Bg5 e6 9. Bb5 a6 10. Bxc6+ bxc6 11. Ne5 Bb7 12. Qf3 Be7 13. Rd1 Qc7 14. Bf4 Bd6
15. Nd3 O-O 16. O-O Rad8 17. Bxd6 Rxd6 18. Nc5 Rfd8 19. Qg3 Qc8 20. Qe3 a5 21.
N3e4 Nxe4 22. Nxe4 Rd5 23. Nc3 R5d6 24. Ne4 Rd5 25. Nc3 R5d6 1/2-1/2

[Event "Xtracon Chess Open 2017"]
[Site "Helsingor DEN"]
[Date "2017.07.23"]
[Round "2.186"]
[White "Skovgaard, Emil"]
[Black "Aasen, Fredrik"]
[Result "1-0"]
[WhiteElo "1764"]
[BlackElo "1430"]
[WhiteFideId "1450972"]
[BlackFideId "1539060"]
[EventDate "2017.07.22"]

1. d4 Nf6 2. c4 e5 3. dxe5 Ng4 4. Nf3 Nc6 5. Bf4 Bb4+ 6. Nc3 Bxc3+ 7. bxc3 Qe7
8. Qd5 f6 9. exf6 Nxf6 10. Qd2 d6 11. e3 Ne4 12. Qc2 O-O 13. Bd3 Bf5 14. O-O-O
Rad8 15. Nd4 Nxd4 16. cxd4 d5 17. c5 Bc8 18. f3 Nf6 19. g4 g6 20. Bh6 Rf7 21. h4
b6 22. cxb6 axb6 23. Bg5 Qa3+ 24. Kb1 Bd7 25. Qb3 Qxb3+ 26. axb3 c5 27. h5 gxh5
28. gxh5 cxd4 29. exd4 Bc6 30. Rdg1 Kh8 31. Bg6 Rdf8 32. Bxf7 Rxf7 33. Re1 Bb5
34. h6 Ng8 35. f4 Bd3+ 36. Kb2 Be4 37. Rhg1 b5 38. Rc1 Rb7 39. Bf6+ 1-0

[Event "Xtracon Chess Open 2017"]
[Site "Helsingor DEN"]
[Date "2017.07.23"]
[Round "2.187"]
[White "Von Knobloch, Hanno"]
[Black "Svanholm, Borge Waaktaar"]
[Result "0-1"]
[WhiteElo "1356"]
[BlackElo "1761"]
[WhiteFideId "12993247"]
[BlackFideId "1504835"]
[EventDate "2017.07.22"]

1. e4 e6 2. d4 d5 3. Nc3 Nf6 4. Bg5 Be7 5. Bd3 Nxe4 6. Bxe7 Nxc3 7. Bxd8 Nxd1 8.
Rxd1 Kxd8 9. Nf3 h6 10. O-O Nd7 11. Rfe1 c6 12. b3 Nf6 13. h3 Bd7 14. Ne5 Ke7
15. f4 Rhe8 16. Re3 Kf8 17. Rf1 Rad8 18. g4 Ng8 19. f5 exf5 20. Bxf5 Bxf5 21.
Rxf5 Nf6 22. Kf2 Re7 23. h4 Rxe5 24. dxe5 Nxg4+ 25. Kf3 Nxe3 26. Kxe3 Ke7 27.
Rf1 Ke6 28. Kd4 b6 29. b4 Rc8 30. c4 c5+ 31. bxc5 bxc5+ 32. Kd3 d4 33. Rb1 Rc7
34. Ke4 Rd7 35. Kd3 Kxe5 36. Re1+ Kf6 37. Rf1+ Ke6 38. Re1+ Kd6 39. Re4 f5 40.
Re8 Re7 41. Rd8+ Kc6 42. Rf8 Re3+ 43. Kd2 Rh3 44. Rxf5 Rxh4 45. Rf7 Rh2+ 46. Kd3
Rxa2 47. Rxg7 Ra3+ 48. Kd2 h5 49. Rh7 Rc3 50. Rxh5 Rxc4 51. Rh6+ Kb5 52. Rh7 Ra4
53. Rb7+ Kc4 54. Rb2 Ra3 55. Rc2+ Kd5 56. Rb2 a5 57. Rb8 Ra2+ 58. Kc1 Kc4 0-1

[Event "Xtracon Chess Open 2017"]
[Site "Helsingor DEN"]
[Date "2017.07.23"]
[Round "2.188"]
[White "Pedersen, Carl Aage"]
[Black "Kreken, Eivind Grunt"]
[Result "1/2-1/2"]
[WhiteElo "1758"]
[BlackElo "1412"]
[WhiteFideId "1417614"]
[BlackFideId "1532359"]
[EventDate "2017.07.22"]

1. d4 d5 2. c4 c6 3. Nc3 Nf6 4. Nf3 dxc4 5. a4 Bf5 6. e3 e6 7. Bxc4 Bb4 8. O-O
Nbd7 9. Qe2 Bg6 10. e4 O-O 11. e5 Nd5 12. Nxd5 cxd5 13. Bd3 Bh5 14. Be3 Nb8 15.
h3 Bg6 16. Bxg6 hxg6 17. Qd3 Nc6 18. Rfc1 a6 19. Rc2 Qd7 20. Bd2 Rac8 21. Bc3
Bxc3 22. bxc3 Na5 23. Ng5 Qe7 24. Qg3 f6 25. exf6 gxf6 26. Nf3 Qf7 27. Re1 Kg7
28. Rce2 Rfe8 29. Nh4 Kh7 30. Qd3 Kg7 31. Re3 g5 32. Rg3 Kh6 33. Qe3 Nc4 34. Qc1
Kg7 35. Nf3 Rg8 36. h4 g4 37. Rxg4+ Kf8 38. Qh6+ Ke7 39. Rxg8 Qxg8 40. Qf4 Nd6
41. Qe3 1/2-1/2

[Event "Xtracon Chess Open 2017"]
[Site "Helsingor DEN"]
[Date "2017.07.23"]
[Round "2.189"]
[White "Huse, Arne Kjelsbol"]
[Black "Rendlev, Niels Moller"]
[Result "1-0"]
[WhiteElo "1352"]
[BlackElo "1756"]
[WhiteFideId "1520709"]
[BlackFideId "1409042"]
[EventDate "2017.07.22"]

1. e4 e6 2. d4 d5 3. e5 c5 4. c3 Nc6 5. Bb5 Bd7 6. Ba4 cxd4 7. cxd4 Qb6 8. Ne2
Nge7 9. Bc2 Nf5 10. Bxf5 exf5 11. O-O Be7 12. Nbc3 Be6 13. Rb1 h6 14. Be3 g5 15.
f4 g4 16. Bf2 h5 17. Qd3 h4 18. Be1 a6 19. a3 Qd8 20. Qd1 b5 21. b4 Qb6 22. Na2
Rc8 23. Bc3 Na7 24. Rc1 Rc4 25. Rc2 Kd7 26. Nac1 Rhc8 27. Nd3 Qc6 28. Nb2 h3 29.
g3 Qb7 30. Nxc4 dxc4 31. Rf2 Bd5 32. Qe1 Ke6 33. Bb2 Qb6 34. Kf1 Be4 35. Rc1 Qb7
36. Nc3 Bd3+ 37. Kg1 Qb6 38. Qe3 Kd7 39. Ne2 Rc6 40. Qd2 Be4 41. d5 Rh6 42. Bd4
Qb7 43. Nc3 Bd3 44. Re1 Nc8 45. Qe3 a5 46. Bc5 axb4 47. axb4 Ra6 48. e6+ fxe6
49. dxe6+ Ke8 50. Qd4 1-0

[Event "Xtracon Chess Open 2017"]
[Site "Helsingor DEN"]
[Date "2017.07.23"]
[Round "2.190"]
[White "Merkesvik, Amalie Isabel"]
[Black "Lenaerts, Robbe"]
[Result "1-0"]
[WhiteElo "1754"]
[BlackElo "1386"]
[WhiteFideId "1514369"]
[BlackFideId "236853"]
[EventDate "2017.07.22"]

1. e4 d5 2. exd5 Nf6 3. Bb5+ Bd7 4. Bc4 Bf5 5. Nc3 Nbd7 6. f3 Nb6 7. b3 Nbxd5 8.
Nxd5 Nxd5 9. Bxd5 Qxd5 10. Bb2 f6 11. Ne2 e5 12. Nc3 Qc6 13. O-O Bc5+ 14. Kh1
O-O-O 15. d3 Bd4 16. Na4 Bxb2 17. Nxb2 e4 18. fxe4 Bxe4 19. Qg4+ f5 20. Qe2 Bd5
21. Rxf5 h5 22. c4 Rde8 23. Qd2 Be6 24. Rf2 h4 25. d4 Bd7 26. d5 Qg6 27. h3 Qe4
28. Kh2 Rhf8 29. Rxf8 Rxf8 30. Re1 Qg6 31. Re3 Rf1 32. Nd3 Qd6+ 33. Ne5 Rf5 34.
Qd4 c5 35. Qc3 g5 36. Kg1 Qf8 37. Rf3 Rxf3 38. Qxf3 Qxf3 39. Nxf3 Bf5 40. Nxg5
Bb1 41. a3 Ba2 42. Ne4 Bxb3 43. Nd2 Ba4 44. Kf2 Kd7 45. Kf3 Kd6 46. Ne4+ Ke5 47.
Nxc5 Bd1+ 48. Ke3 b6 49. Nd3+ Kd6 50. Kd4 Bh5 51. Nf4 Bf7 52. Ne2 Bh5 53. Nc3 a6
54. Ne4+ Kd7 55. Nf6+ 1-0

[Event "Xtracon Chess Open 2017"]
[Site "Helsingor DEN"]
[Date "2017.07.23"]
[Round "2.191"]
[White "Thybo, Jan"]
[Black "Nielsen, Jorgen Kamp"]
[Result "0-1"]
[WhiteElo "1330"]
[BlackElo "1751"]
[WhiteFideId "1438824"]
[BlackFideId "1413279"]
[EventDate "2017.07.22"]

1. e4 e5 2. f4 exf4 3. Nf3 d5 4. exd5 Qxd5 5. Nc3 Qd8 6. Bc4 Bd6 7. d4 Ne7 8.
O-O O-O 9. Ne5 Bxe5 10. dxe5 Qxd1 11. Rxd1 g5 12. Ne4 h6 13. b4 Nbc6 14. Nf6+
Kg7 15. Nd7 Rd8 16. e6 Bxd7 17. exd7 Nf5 18. Bb2+ f6 19. Be6 Ne3 20. a3 Nxd1 21.
Rxd1 Ne5 22. c4 Kf8 23. c5 Ke7 24. Bf5 Nxd7 25. Re1+ Ne5 26. Bxe5 fxe5 27. Rxe5+
Kf6 0-1

[Event "Xtracon Chess Open 2017"]
[Site "Helsingor DEN"]
[Date "2017.07.23"]
[Round "2.192"]
[White "Hojgaard, Brandur"]
[Black "Hjornevik, Oyvind"]
[Result "1/2-1/2"]
[WhiteElo "1747"]
[BlackElo "1365"]
[WhiteFideId "7201478"]
[BlackFideId "1516159"]
[EventDate "2017.07.22"]

1. d4 e6 2. c4 Nf6 3. Nc3 Bb4 4. Qc2 O-O 5. Bg5 d6 6. Nf3 Nbd7 7. e3 b6 8. Bd3
h6 9. Bh4 Bb7 10. Qe2 c5 11. Rc1 cxd4 12. exd4 d5 13. O-O dxc4 14. Bxc4 Be7 15.
Rfd1 Ne8 16. Bg3 Ndf6 17. Bh4 Nd5 18. Bxe7 Nxe7 19. Ne5 Nd5 20. Nxd5 Bxd5 21.
Rc3 Bxc4 1/2-1/2

[Event "Xtracon Chess Open 2017"]
[Site "Helsingor DEN"]
[Date "2017.07.23"]
[Round "2.193"]
[White "Wahlgreen, Noah"]
[Black "Dittrich, Hans-Georg"]
[Result "0-1"]
[WhiteElo "1315"]
[BlackElo "1742"]
[WhiteFideId "1457349"]
[BlackFideId "12923591"]
[EventDate "2017.07.22"]

1. e4 e5 2. d4 exd4 3. c3 dxc3 4. Nxc3 Nc6 5. Bc4 Nf6 6. f4 Bb4 7. Qc2 O-O 8. e5
d5 9. exf6 dxc4 10. fxg7 Re8+ 11. Ne2 Nd4 12. Qd1 Bg4 13. Bd2 Nxe2 14. Nxe2
Qxd2+ 15. Qxd2 Bxd2+ 16. Kxd2 Rxe2+ 17. Kc3 Rxg2 18. Rhg1 Rxg1 19. Rxg1 h5 20.
Kxc4 Re8 0-1

[Event "Xtracon Chess Open 2017"]
[Site "Helsingor DEN"]
[Date "2017.07.23"]
[Round "2.194"]
[White "Christophersen, David"]
[Black "Dahl, Ian"]
[Result "1-0"]
[WhiteElo "1741"]
[BlackElo "1347"]
[WhiteFideId "1413619"]
[BlackFideId "1520210"]
[EventDate "2017.07.22"]

1. c4 e5 2. g3 Nf6 3. Bg2 Nc6 4. Nc3 Bb4 5. d3 d5 6. cxd5 Nxd5 7. Bd2 Bxc3 8.
bxc3 Nf6 9. Rb1 O-O 10. Qc2 Qd6 11. f4 Re8 12. fxe5 Nxe5 13. Kd1 Bf5 14. Bf4
Nfg4 15. e4 Nf2+ 16. Qxf2 Qxd3+ 17. Kc1 Qxc3+ 18. Qc2 Qe1+ 19. Kb2 Qb4+ 20. Ka1
Qd4+ 21. Qb2 Qxb2+ 22. Rxb2 Bg6 23. Bxe5 Rxe5 24. Rxb7 Bxe4 25. Bxe4 Rxe4 26.
Nf3 Rc8 27. Re1 Rc4 28. Rxa7 f6 29. Ra3 Rb8 30. Rb3 Ra8 31. Kb2 c5 32. Re7 Rca4
33. a3 c4 34. Rc3 Rb8+ 35. Ka2 Rc8 36. Re4 Rb8 37. Rexc4 Raa8 38. Nd4 Kf7 39.
Rc7+ Kg6 40. Ne6 1-0

[Event "Xtracon Chess Open 2017"]
[Site "Helsingor DEN"]
[Date "2017.07.23"]
[Round "2.195"]
[White "Johansen, Paul Ivar"]
[Black "Winther, Bjarke Rosenborg"]
[Result "1/2-1/2"]
[WhiteElo "1301"]
[BlackElo "1741"]
[WhiteFideId "1508024"]
[BlackFideId "1447173"]
[EventDate "2017.07.22"]

1. Nf3 d5 2. d4 Nf6 3. h3 Nc6 4. Bf4 e6 5. a3 Ne4 6. Nbd2 Bd6 7. Bxd6 Qxd6 8. e3
Nxd2 9. Qxd2 e5 10. dxe5 Nxe5 11. Nxe5 Qxe5 12. O-O-O Be6 13. Qd4 Qxd4 14. exd4 1/2-1/2

[Event "Xtracon Chess Open 2017"]
[Site "Helsingor DEN"]
[Date "2017.07.23"]
[Round "2.196"]
[White "Alisaari, Vellu"]
[Black "Solli, Oddvar"]
[Result "1/2-1/2"]
[WhiteElo "1286"]
[BlackElo "1738"]
[WhiteFideId "509701"]
[BlackFideId "1501208"]
[EventDate "2017.07.22"]

1. b3 d5 2. Bb2 Nd7 3. e3 Ngf6 4. d4 e6 5. Nf3 c5 6. Bd3 Be7 7. O-O O-O 8. c4
dxc4 9. bxc4 cxd4 10. exd4 b6 11. Na3 Bb7 12. Nc2 Rc8 13. Ne3 Re8 14. Rc1 Be4
15. Bxe4 Nxe4 16. Qc2 Nef6 17. Rfd1 Qc7 18. a3 Qb7 19. Nd2 Nf8 20. Qd3 Ng6 21.
g3 Red8 22. Qc2 h5 23. h4 Nd5 24. Nxd5 exd5 25. a4 dxc4 26. Nxc4 Rd5 27. Qd3 Qd7
28. Kh2 Qxa4 29. Nxb6 axb6 30. Rxc8+ Bd8 31. Rc4 1/2-1/2

[Event "Xtracon Chess Open 2017"]
[Site "Helsingor DEN"]
[Date "2017.07.23"]
[Round "2.197"]
[White "Petersen, Rasmus"]
[Black "Kvamme, Thomas Jordre"]
[Result "1-0"]
[WhiteElo "1737"]
[BlackElo "1327"]
[WhiteFideId "1448250"]
[BlackFideId "1523368"]
[EventDate "2017.07.22"]

1. d4 d5 2. c4 Bf5 3. Nc3 c6 4. Nf3 e6 5. Qb3 Qc7 6. c5 b6 7. cxb6 Qxb6 8. Qxb6
axb6 9. Nh4 Bc2 10. Bf4 h6 11. Nf3 Nf6 12. Rc1 Bf5 13. e3 Be7 14. Be2 O-O 15.
O-O Ne4 16. a3 Nxc3 17. Rxc3 c5 18. Bc7 cxd4 19. Nxd4 Rc8 20. Nxf5 exf5 21. Bf3
Na6 22. Bxd5 Ra7 23. Bxb6 Rxc3 24. Bxa7 Rc2 25. Bd4 Bf6 26. Bxf6 gxf6 27. Rb1
Nc5 28. b4 Na4 29. Bb3 Rc3 30. Bxa4 Rxa3 31. Bc6 Rc3 32. b5 Ra3 33. b6 Ra6 34.
b7 Rxc6 35. b8=Q+ Kg7 36. h4 1-0

[Event "Xtracon Chess Open 2017"]
[Site "Helsingor DEN"]
[Date "2017.07.23"]
[Round "2.198"]
[White "Hafstad, Leif"]
[Black "Cort Maleeva Hansen, Andreas Philip"]
[Result "1-0"]
[WhiteElo "1735"]
[BlackElo "1308"]
[WhiteFideId "438030"]
[BlackFideId "1462636"]
[EventDate "2017.07.22"]

1. e4 e6 2. d4 d5 3. Nd2 c5 4. exd5 exd5 5. dxc5 Bxc5 6. Nb3 Bb6 7. Nf3 h6 8.
Bf4 Nc6 9. c3 Nf6 10. Be2 O-O 11. O-O Re8 12. Re1 Ne4 13. Nfd4 Ne5 14. Bxe5 Rxe5
15. f3 Nd6 16. Bd3 Rxe1+ 17. Qxe1 Nc4 18. Qe2 Nd6 19. Kh1 Qe8 20. Qxe8+ Nxe8 21.
Re1 Nf6 22. Kg1 Kf8 23. Kf1 a5 24. Nb5 Bd7 25. N3d4 Bxb5 26. Nxb5 g6 27. g3 Nd7
28. Bc2 Bc5 29. Nc7 Rc8 30. Nxd5 Rc6 31. Ba4 Rd6 32. Nf4 Nb6 33. Bb5 Rd2 34. Nd3
Be7 35. Re2 Rxe2 36. Kxe2 f5 37. Ke3 Kf7 38. Kd4 Nc8 39. Ne5+ Kf6 40. Nd7+ Kf7
41. Kd5 Nd6 42. a4 Nxb5 43. axb5 Ke8 44. Nc5 b6 45. Na4 Kd8 46. Kc6 Kc8 47.
Nxb6+ Kb8 48. Nd5 Bg5 49. b3 Bd2 50. b6 Bxc3 51. Nxc3 h5 52. b7 g5 53. Nd5 f4
54. Nf6 a4 55. Nd7+ Ka7 56. b8=Q+ Ka6 57. Qb6# 1-0

[Event "Xtracon Chess Open 2017"]
[Site "Helsingor DEN"]
[Date "2017.07.23"]
[Round "2.199"]
[White "Jacobsen, Harald Kittel Lytomt"]
[Black "Schouten, Mathias Lind"]
[Result "0-1"]
[WhiteElo "1242"]
[BlackElo "1734"]
[WhiteFideId "1533460"]
[BlackFideId "1532790"]
[EventDate "2017.07.22"]

1. e4 e5 2. Nf3 Nc6 3. Bc4 Nf6 4. d3 Bc5 5. O-O d6 6. Bg5 Bg4 7. Nc3 Nd4 8. Nb5
Nxf3+ 9. gxf3 Bh3 10. Re1 c6 11. Nc3 h6 12. Bh4 g5 13. Bg3 h5 14. Qd2 Nh7 15. f4
gxf4 16. Bxf4 exf4 17. Qxf4 Qg5+ 18. Qxg5 Nxg5 19. e5 Nf3+ 20. Kh1 d5 21. Re2
Rg8 22. d4 Bg2# 0-1

[Event "Xtracon Chess Open 2017"]
[Site "Helsingor DEN"]
[Date "2017.07.23"]
[Round "2.200"]
[White "Afsari-Rad, Aidin"]
[Black "Gelders, Eline"]
[Result "1-0"]
[WhiteElo "1733"]
[BlackElo "1298"]
[WhiteFideId "1527177"]
[BlackFideId "249025"]
[EventDate "2017.07.22"]

1. e4 d5 2. exd5 Nf6 3. Bb5+ Bd7 4. Bxd7+ Nbxd7 5. c4 g6 6. b3 a6 7. Bb2 b5 8.
d3 Nb8 9. Qf3 Qd6 10. Nd2 c6 11. Ne4 Nxe4 12. dxe4 Rg8 13. Ne2 Nd7 14. Qe3 Bg7
15. Bxg7 Rxg7 16. O-O Ne5 17. h3 bxc4 18. f4 Nd7 19. bxc4 cxd5 20. cxd5 e6 21.
dxe6 Qxe6 22. Nc3 Nb6 23. Rab1 Nc4 24. Qd4 f6 25. Nd5 Rc8 26. Rfc1 Na3 27. Qa4+
Nb5 28. Nxf6+ Kf8 29. Qb4+ Kf7 30. Nd5 Rxc1+ 31. Rxc1 Kg8 32. a4 Nd6 33. Qb8+
Ne8 34. Qxe8+ Qxe8 35. Nf6+ Kf8 36. Nxe8 Kxe8 37. Rc8+ Kd7 38. Ra8 Kc6 39. Rxa6+
Kc5 40. Kf2 Kd4 41. Kf3 Re7 42. Rd6+ Kc5 43. Rd5+ Kb6 44. a5+ Kc6 45. a6 Kb6 46.
Rd6+ Ka7 47. Ke3 Rc7 48. Kd3 Rc1 49. Ke3 Rc3+ 50. Kd4 Rc1 51. g4 Rh1 52. Rd7+
Kxa6 53. Rxh7 Kb6 54. Rh6 Kc7 55. Ke5 Kd7 56. Rh7+ Ke8 57. Kf6 Re1 58. e5 1-0

[Event "Xtracon Chess Open 2017"]
[Site "Helsingor DEN"]
[Date "2017.07.23"]
[Round "2.201"]
[White "Schouten, Ken Ronny"]
[Black "Tolba, Henri"]
[Result "0-1"]
[WhiteElo "1225"]
[BlackElo "1729"]
[WhiteFideId "1533010"]
[BlackFideId "1418246"]
[EventDate "2017.07.22"]

1. e4 c5 2. Nf3 e6 3. d3 g6 4. g3 Bg7 5. Nbd2 Ne7 6. Bg2 Nbc6 7. O-O O-O 8. Re1
d6 9. c3 b5 10. Nf1 a5 11. h4 b4 12. c4 a4 13. Rb1 e5 14. Bg5 f6 15. Be3 f5 16.
Bg5 fxe4 17. dxe4 Bg4 18. N1h2 Be6 19. Bf1 Qd7 20. Qd2 Rf7 21. Rbd1 Nd4 22. Nxd4
exd4 23. Bh6 Nc6 24. Bxg7 Kxg7 25. f4 a3 26. b3 Raf8 27. h5 Bg4 28. Nxg4 Qxg4
29. Qh2 Qxh5 30. Qxh5 gxh5 31. Bh3 h4 32. gxh4 Rxf4 33. h5 Rh4 34. Bd7 Ne5 35.
Bf5 Nf3+ 36. Kf1 Nxe1 37. Kxe1 Rxh5 38. Rd3 Rfxf5 39. exf5 Rxf5 40. Rg3+ Kf7 41.
Rh3 h5 42. Ke2 Kf6 43. Kd3 Kg5 44. Ke4 Re5+ 45. Kd3 Kg4 0-1